Guess the footballer streets won't forget edition - Statistics

General Stats
  • This quiz has been taken 19 times
  • The average score is 7 of 16
Answer Stats
Picture Answer % Correct
Paulinho
82%
Filipe Luis
76%
Carlos Bacca
65%
Leighton Baines
65%
Yacine Brahimi
65%
Aaron Ramsey
59%
Sebastian Coates
53%
Morgan Schneiderlin
47%
Gregory van der Wiel
35%
Phil Jagielka
29%
Fredy Guarin
24%
Kyriakos Papadopoulos
24%
Adrian Ramos
18%
Eder
18%
Salif Sane
18%
Sidney Govou
6%
No matching quizzes found
Score Distribution
Percent of People with Each Score
Percentile by Number Answered
Your Score History
You have not taken this quiz